1193 1332 1999 1481 1452 1081 1943 1252 1665 1874 1835 1589 1297 1331 1947 1510 1388 1058 1271 1559 1284 1628 1581 1199 1524 1288 1766 1655 1846 1889 1391 1932 1240 1165 1530 1234 1365 1039 1742 1191 1311 1624 1356 1139 1265 1994 1426 1436 1916 1178 1326 1259 1275 1638 1537 1283 1308 1926 1186 1866 1092 1107 1785 1185 1144 1146 1777 1161 1704 1070 1628 1089 1262 1600 1080 1901 1325 1691 1552 1812 1240 1166 1363 1070 1126 1307 1496 1690 1413 1206 1756 1666 1115 1191 1233 1363 1961 1491 1857 BCNSPRNW ULIB Ver.6.0+V

เปลี่ยนเป็นภาษาไทย

Change to English
 แสดงรายละเอียดบรรณานุกรม
  กลับหน้าหลัก

Brief Record : Get Marc (ISO 2709) : E-mail record : QR code < ปิดหน้าต่าง
LEADER : 00000nam 2200000uu 4500
001    13399115305
003     ULIB
008    120810s2554||||th 000 0 tha d
020    ^a9789748100968 ล.1
060  4 ^aWB205^bป411ฉ ล1
100 0  ^aประสาร เปรมะสกุล
245 10 ^aฉลาดตรวจสุขภาพ ฉบับรู้ทันโรคถอย เล่ม 1/^cประสาร เปรมะสกุล
250    ^aพิมพ์ครั้งแรก
260    ^aกรุงเทพฯ :^bอมรินทร์บุ๊คเซ็นเตอร์,^c2554.
300    ^a334 หน้า :^bภาพประกอบ
650  7 ^aการวินิจฉัยโรค
650  7 ^aการตรวจสุขภาพ
650  7 ^aการตรวจร่างกาย
650  7 ^aโรค^xการป้องกันและควบคุม
945    ^p350^l0^i032302
945    ^p350^l0^i032303
945    ^p350^l0^i032304
945    ^p350^l0^i032305
945    ^p350^l0^i033315
945    ^p350^l0^i033316
945    ^p350^l0^i033317
945    ^p350^l0^i033407
995    ^aทศพร
999 ^a ทศพร
รายการนี้ยังไม่มีแท็ก
คุณยังไม่ได้ล็อกอิน คุณสามารถมีกิจกรรมร่วมกับเว็บไซต์ได้ แต่ต้องล็อกอินก่อน ::
  ล็อกอิน

รายการสื่อสารสนเทศ

ลำดับที่ ประเภท เลขเรียก/บาร์โค้ด สถานที่ สถานะ
1. วิทยาศาสตร์การแพทย์ และสุขภาพ
หนังสือสำรอง
สถานะ=หนังสือสำรอง
WB205 ป411ฉ ล1 ฉ.1 
  Barcode: 032302
ห้องสมุดวิทยาเขตสวรรค์ประชารักษ์
►ส่วนจัดเก็บหนังสือเก่า สปร
บนชั้น
  ขอยืม
2. วิทยาศาสตร์การแพทย์ และสุขภาพ
วิทยาศาสตร์การแพทย์ และสุขภาพ
WB205 ป411ฉ ล1 ฉ.2 
  Barcode: 032303
ห้องสมุดวิทยาเขตสวรรค์ประชารักษ์
►ส่วนจัดเก็บหนังสือเก่า สปร
บนชั้น
  ขอยืม
3. วิทยาศาสตร์การแพทย์ และสุขภาพ
วิทยาศาสตร์การแพทย์ และสุขภาพ
WB205 ป411ฉ ล1 ฉ.3 
  Barcode: 032304
ห้องสมุดวิทยาเขตสวรรค์ประชารักษ์
►ส่วนจัดเก็บหนังสือเก่า สปร
บนชั้น
  ขอยืม
4. วิทยาศาสตร์การแพทย์ และสุขภาพ
วิทยาศาสตร์การแพทย์ และสุขภาพ
WB205 ป411ฉ ล1 ฉ.4 
  Barcode: 032305
ห้องสมุดวิทยาเขตสวรรค์ประชารักษ์
►ส่วนจัดเก็บหนังสือเก่า สปร
บนชั้น
  ขอยืม
5. วิทยาศาสตร์การแพทย์ และสุขภาพ
วิทยาศาสตร์การแพทย์ และสุขภาพ
WB205 ป411ฉ ล1 ฉ.5 
  Barcode: 033315
ห้องสมุดวิทยาเขตสวรรค์ประชารักษ์
►ส่วนจัดเก็บหนังสือเก่า สปร
บนชั้น
  ขอยืม
6. วิทยาศาสตร์การแพทย์ และสุขภาพ
วิทยาศาสตร์การแพทย์ และสุขภาพ
WB205 ป411ฉ ล1 ฉ.6 
  Barcode: 033316
ห้องสมุดวิทยาเขตสวรรค์ประชารักษ์
►ส่วนจัดเก็บหนังสือเก่า สปร
บนชั้น
  ขอยืม
7. วิทยาศาสตร์การแพทย์ และสุขภาพ
วิทยาศาสตร์การแพทย์ และสุขภาพ
WB205 ป411ฉ ล1 ฉ.7 
  Barcode: 033317
ห้องสมุดวิทยาเขตสวรรค์ประชารักษ์
►ส่วนจัดเก็บหนังสือเก่า สปร
บนชั้น
  ขอยืม
8. Book การพยาบาล
Book การพยาบาล
WB205 ป411ฉ ล1 ฉ.8 
  Barcode: 033407
ห้องสมุดวิทยาเขตสวรรค์ประชารักษ์
►หนังสือทั่วไป
บนชั้น

รายการใกล้เคียง
    ผู้แต่ง [ประสาร เปรมะสกุล]

    หัวเรื่อง [การวินิจฉัยโรค]
    หัวเรื่อง [การตรวจสุขภาพ]
    หัวเรื่อง [การตรวจร่างกาย]

BibComment


ยังไม่เคยถูกคอมเมนท์

คอมเมนท์ทรัพยากรรายการนี้
  คอมเมนท์: ฉลาดตรวจสุขภาพ ฉ..


 Copyright 2026. Bcnsprnw @Library